Quantum scaling in many-body systems

This book on quantum phase transitions has been written by one of the pioneers in the application of scaling ideas to many-body systems - a new and exciting subject that has relevance to many areas of condensed matter and theoretical physics. One of the few books on the subject, it emphasizes strong...

وصف كامل

محفوظ في:
التفاصيل البيبلوغرافية
المؤلف الرئيسي: Continentino, Mucio A.
التنسيق: كتاب
اللغة:Undetermined
منشور في: Singapore World Scientific 2001
الموضوعات:
الوسوم: إضافة وسم
لا توجد وسوم, كن أول من يضع وسما على هذه التسجيلة!
Thư viện lưu trữ: Trung tâm Học liệu Trường Đại học Cần Thơ
LEADER 01173nam a2200205Ia 4500
001 CTU_210747
008 210402s9999 xx 000 0 und d
020 |c 59.49 
082 |a 530.474 
082 |b C762 
100 |a Continentino, Mucio A. 
245 0 |a Quantum scaling in many-body systems 
245 0 |c Mucio A. Continentino 
260 |a Singapore 
260 |b World Scientific 
260 |c 2001 
520 |a This book on quantum phase transitions has been written by one of the pioneers in the application of scaling ideas to many-body systems - a new and exciting subject that has relevance to many areas of condensed matter and theoretical physics. One of the few books on the subject, it emphasizes strongly correlated electronic systems. Although dealing with complex problems in statistical mechanics, it does not lose sight of the experiments and the actual physical systems which motivate the theoretical work. 
650 |a Quantum theory,Biến đổi pha (vật lý thống kê),Lý thuyết lượng tử.,Phase transformations (Statistical physics) 
904 |i Qhieu 
980 |a Trung tâm Học liệu Trường Đại học Cần Thơ